| 000 | 00717nam a2200217 i 4500 | ||
|---|---|---|---|
| 001 | 56556 | ||
| 003 | ES-MaACL | ||
| 005 | 20251013180947.0 | ||
| 007 | t| | ||
| 008 | 031010s1971 sp ||||1| spa d | ||
| 080 | _a811.134.2:37.02 | ||
| 245 | 0 | 0 |
_aDidáctica de la lengua en la E.G.B. / _cA. Maíllo García ... [et al.]. |
| 260 |
_aMadrid : _bMagisterio Español, _c[1971] |
||
| 300 |
_a319 p. ; _c24 cm. |
||
| 490 | 1 | _aCiencias de la educación. Sistemática | |
| 650 | 4 |
_aLengua española- _xDidáctica. _9144339 |
|
| 700 | 1 |
_aMaíllo, Adolfo, _d1905-1995 _9173042 |
|
| 830 | 1 | 0 |
_aCiencias de la educación (Magisterio Español) _9185612 |
| 852 |
_aES-MaACL _jE-7528 |
||
| 999 |
_c56556 _d56556 |
||